The law of torts : (Record no. 39574)
[ view plain ]
| 000 -LEADER | |
|---|---|
| fixed length control field | 00738cam a2200229 a 4500 |
| 001 - CONTROL NUMBER | |
| control field | 11794468 |
| 005 - DATE AND TIME OF LATEST TRANSACTION | |
| control field | 20171228071530.0 |
| 008 - FIXED-LENGTH DATA ELEMENTS--GENERAL INFORMATION | |
| fixed length control field | 990924s2000 mdu 001 0 eng |
| 010 ## - LIBRARY OF CONGRESS CONTROL NUMBER | |
| LC control number | 99049529 |
| 020 ## - INTERNATIONAL STANDARD BOOK NUMBER | |
| International Standard Book Number | 0735511918 |
| 040 ## - CATALOGING SOURCE | |
| Original cataloging agency | DLC |
| Transcribing agency | DLC |
| Modifying agency | DLC |
| 041 ## - LANGUAGE CODE | |
| Language code of text/sound track or separate title | eng |
| 043 ## - GEOGRAPHIC AREA CODE | |
| Geographic area code | n-us--- |
| 080 ## - UNIVERSAL DECIMAL CLASSIFICATION NUMBER | |
| Universal Decimal Classification number | 346.7303 GLA |
| 082 00 - DEWEY DECIMAL CLASSIFICATION NUMBER | |
| Classification number | 346.7303 GLA |
| Edition number | 21 |
| 100 1# - Rafti | |
| Rafti | 14 |
| 101 ## - Shkurtesa | |
| Shkurtesa | JUR |
| 245 14 - TITLE STATEMENT | |
| Title | The law of torts : |
| Statement of responsibility, etc | Joseph W. Glannon. |
| 906 ## - LOCAL DATA ELEMENT F, LDF (RLIN) | |
| a | 7 |
| b | cbc |
| c | orignew |
| d | 1 |
| e | ocip |
| f | 19 |
| g | y-gencatlg |
| 942 ## - ADDED ENTRY ELEMENTS (KOHA) | |
| Source of classification or shelving scheme | |
| Item type | Books |
No items available.